Statistics for 2001年以降に廃止されたJR北海道の鉄道駅

Click here to take the quiz!

General Stats

  • This quiz has been taken 52 times
  • The average score is 73 of 145

Answer Stats

DateAnswerLine% Correct
2023/4/1留萌留萌本線
92%
2020/4/18新十津川札沼線
90%
2014/5/12江差江差線
85%
2016/12/5増毛留萌本線
85%
2021/4/1様似日高本線
79%
2017/3/4美々千歳線
79%
2016/3/26旧白滝石北本線
77%
2016/3/26上白滝石北本線
77%
2023/4/1峠下留萌本線
74%
2020/4/18浦臼札沼線
74%
2020/4/18石狩月形札沼線
74%
2022/3/12流山温泉函館本線
72%
2014/3/15知内海峡線
72%
2019/4/1夕張石勝線
72%
2020/4/18下徳富札沼線
72%
2023/3/18浜田浦日高本線
69%
2016/3/26上磯江差線
69%
2021/3/13東六線宗谷本線
69%
2001/7/1奥白滝石北本線
69%
2021/3/13南比布宗谷本線
69%
2016/3/26下白滝石北本線
67%
2017/3/4蕨岱函館本線
67%
2021/3/13北星宗谷本線
67%
2004/3/13石勝線
67%
2021/3/13北比布宗谷本線
67%
2019/4/1清水沢石勝線
64%
2021/3/13北剣淵宗谷本線
64%
2023/4/1大和田留萌本線
64%
2021/3/13上幌延宗谷本線
64%
2021/4/1日高門別日高本線
64%
2020/4/18南下徳富札沼線
62%
2021/3/13紋穂内宗谷本線
62%
2021/4/1静内日高本線
62%
2021/4/1浦河日高本線
62%
2022/3/12本石倉函館本線
62%
2023/4/1恵比島留萌本線
62%
2020/4/18石狩金沢札沼線
62%
2021/3/13南美深宗谷本線
59%
2019/3/16尺別根室本線
59%
2020/3/14南弟子屈釧網本線
59%
2022/3/12池田園函館本線
59%
2016/3/26七重浜江差線
59%
2014/5/12上ノ国江差線
59%
2019/4/1南清水沢石勝線
56%
2022/3/12石谷函館本線
56%
2021/3/13徳満宗谷本線
56%
2021/4/1西様似日高本線
56%
2016/3/26東久根別江差線
56%
2016/3/26久根別江差線
56%
2021/4/1大狩部日高本線
54%
2021/3/13下士別宗谷本線
54%
2021/3/13豊清水宗谷本線
54%
2020/4/18中小屋札沼線
54%
2016/3/26花咲根室本線
54%
2017/3/4姫川函館本線
54%
2022/3/12銚子口函館本線
54%
2005/3/18張碓函館本線
54%
2021/4/1絵笛日高本線
51%
2020/4/18於札内札沼線
51%
2020/4/18本中小屋札沼線
51%
2016/3/26茂辺地江差線
51%
2016/12/5礼受留萌本線
51%
2005/3/18中徳富札沼線
51%
2019/3/16直別根室本線
51%
2019/3/16初田牛根室本線
51%
2016/3/26金華石北本線
51%
2021/3/13伊納函館本線
51%
2020/4/18豊ヶ岡札沼線
49%
2020/4/18札比内札沼線
49%
2017/3/4上厚内根室本線
49%
2023/4/1藤山留萌本線
49%
2021/3/13安牛宗谷本線
49%
2020/4/18札的札沼線
49%
2021/3/13生野石北本線
49%
2021/4/1日高三石日高本線
49%
2021/4/1東町日高本線
49%
2022/3/12歌内宗谷本線
49%
2001/7/1天幕石北本線
46%
2001/7/1中越石北本線
46%
2022/3/12糸魚沢根室本線
46%
2016/3/26東追分石勝線
46%
2023/4/1真布留萌本線
46%
2020/4/18晩生内札沼線
46%
2017/3/4稲士別根室本線
46%
2016/3/26十三里石勝線
46%
2017/3/4東山函館本線
46%
2020/3/14古瀬根室本線
46%
2016/3/26札苅江差線
44%
2016/12/5舎熊留萌本線
44%
2021/4/1日高幌別日高本線
44%
2016/12/5箸別留萌本線
44%
2021/4/1東静内日高本線
44%
2021/4/1新冠日高本線
44%
2020/4/18鶴沼札沼線
44%
2021/4/1汐見日高本線
44%
2021/3/13南斜里釧網本線
44%
2016/3/26清川口江差線
44%
2019/4/1鹿ノ谷石勝線
44%
2015/8/10津軽今別海峡線
44%
2016/3/26鷲ノ巣函館本線
44%
2020/4/18月ヶ岡札沼線
41%
2005/3/18智東宗谷本線
41%
2017/3/4北豊津函館本線
41%
2021/4/1厚賀日高本線
41%
2014/5/12湯ノ岱江差線
41%
2023/4/1幌糠留萌本線
41%
2021/3/13将軍山石北本線
41%
2016/12/5瀬越留萌本線
38%
2021/4/1富川日高本線
38%
2021/3/13北日ノ出石北本線
38%
2016/12/5信砂留萌本線
38%
2016/3/26釜谷江差線
38%
2021/4/1鵜苫日高本線
38%
2020/4/18知来乙札沼線
38%
2016/3/26渡島当別江差線
38%
2021/4/1日高東別日高本線
38%
2021/4/1荻伏日高本線
36%
2016/12/5阿分留萌本線
36%
2016/3/26泉沢江差線
36%
2018/3/17羽帯根室本線
36%
2014/5/12渡島鶴岡江差線
36%
2017/3/4桂川函館本線
36%
2001/7/1芦川宗谷本線
36%
2001/7/1上雄信内宗谷本線
36%
2021/4/1節婦日高本線
36%
2017/3/4島ノ下根室本線
33%
2017/3/4五十石釧網本線
33%
2016/12/5朱文別留萌本線
33%
2021/4/1本桐日高本線
33%
2021/3/13東雲石北本線
33%
2019/4/1沼ノ沢石勝線
31%
2005/3/18旭浜室蘭本線
31%
2021/4/1豊郷日高本線
31%
2021/4/1蓬栄日高本線
28%
2005/3/18東幌糠留萌本線
28%
2014/5/12神明江差線
28%
2021/4/1清畠日高本線
28%
2005/3/18南下沼宗谷本線
26%
2014/5/12中須田江差線
26%
2014/5/12宮越江差線
23%
2021/4/1春立日高本線
23%
2014/5/12吉堀江差線
23%
2014/5/12桂岡江差線
23%
2005/3/18新栄野石北本線
21%
2001/7/1下中川宗谷本線
15%

Score Distribution

Percentile by Number Answered

Percent of People with Each Score

Your Score History

You have not taken this quiz